[Event "Athens Acropolis"]
[Site "Athens"]
[Date "2004.11.19"]
[Round "4"]
[White "Vouldis, Angelos"]
[Black "Kapnisis, Spyridon"]
[Result "1-0"]
[WhiteElo "2524"]
[BlackElo "2435"]
[Annotator "Ribli,Z"]
[PlyCount "59"]
[EventDate "2004.11.16"]
[EventType "tourn"]
[EventRounds "9"]
[EventCountry "GRE"]
[EventCategory "10"]
[SourceTitle "CBM 105"]
[Source "ChessBase"]
[SourceDate "2005.04.11"]
[SourceVersion "1"]
[SourceVersionDate "2005.04.11"]
[SourceQuality "1"]

1. Nf3 d5 2. c4 e6 3. d4 Nf6 4. g3 dxc4 5. Bg2 a6 6. O-O Nc6 {Diese Variante
ist in letzter Zeit populär geworden. In anderen Varianten muss Weiß mit b7-b5
rechnen, wonach Schwarz seinen c4-Bauern verteidigen kann.} 7. e3 Bd7 8. Nc3
Bb4 {Dieser Läuferzug wird selten gespielt; die schwarze Idee ist, den weißen
c3-Springer zu tauschen und seinen f6-Springer nach d5 zu überführen.} (8...
Nd5 $5) 9. Ne5 $5 (9. Qe2 b5 (9... Na5 10. Ne5 O-O 11. e4 Ne8 12. Rd1 Bxc3 13.
bxc3 Ba4 14. Rd2 f6 15. Nf3 Qe7 16. h4 b5 17. Rb1 Rb8 18. Bh3 Nb7 19. e5 Nd8
20. d5 f5 21. d6 {1-0 Reefschlaeger,H-Jakobsen,O/Plovdiv 1983/EU-chT (43)}) (
9... Nd5 $5) 10. Ne5 Nxe5 11. dxe5 (11. Bxa8 Qxa8 12. dxe5 Ne4 $13) 11... Bxc3
12. bxc3 Nd5 13. Ba3 Nxc3 14. Qg4 g6 15. Rac1 h5 16. Qf3 Nd5 17. Rfd1 a5 18.
Bc5 $44 {1-0 Marin,M-Graf,A/Sanxenxo ESP 2004/(31)}) 9... Nxe5 (9... Bxc3 10.
bxc3 Nd5) 10. dxe5 Bxc3 11. bxc3 Nd5 12. Ba3 $1 {Weiß deckt nicht den
c3-Bauern, sondern bringt seinen schwarzfeldrigen Läufer sofort ins Spiel.} (
12. e4 Nxc3 13. Qc2 Na4 $15) (12. Qd4 O-O) (12. Qg4 O-O (12... Qe7 13. Qxg7
O-O-O $13) 13. e4 f5 14. exf6 (14. exf5 Rxf5 15. Qxf5 (15. Re1 $13) 15... exf5
16. Bxd5+ Kh8 17. Bxb7 Rb8 18. Bxa6 Be6 19. Be3 $13) 14... Nxf6 15. Qe2 b5 $13)
12... Qg5 (12... Bc6 13. Qg4 Qd7 14. Rfd1 O-O-O 15. e4 (15. Qxg7 h5 16. Qg5 Qe8
$13) 15... f5 16. exf6 Nxf6 17. Qe2 Qf7 18. Qxc4 $14) 13. Qd4 (13. Bxd5 exd5
14. Qxd5 O-O-O 15. Qxf7 Qxe5 $15) (13. f4 Qg6 14. f5 Qg5 (14... Qh6 15. Bc1 $14
) 15. Bc1 Qe7 16. Qd4 $13) 13... O-O-O 14. f4 (14. Qa7 Bc6 15. Rfd1 Qxe5 16.
Rd4 b6 17. Qxa6+ Bb7 18. Qxc4 c5 $1 19. Rb1 (19. Rad1 Qc7 20. R4d2 Nf6 $13)
19... Qc7 20. Rd2 Rd6 {1/2-1/2 Gelfand,B-Adams,M/ Enghien-les-Bains 2003/ (29)}
) (14. e4 Nb6 15. f4 Qg6 16. Be7 Rde8 (16... Bc6 $6 {Auf diese Weise erlangt
man mit Zugumstellung die Partiefortsetzung.}) 17. Bc5 Na4 $13) 14... Qg6 15.
e4 Nb6 16. Be7 Bc6 $6 {Mit diesem optimistischen Zug opfert Schwarz eine
Qualität. Nach meiner Meinung bietet die nachfolgende Variante für Schwarz
bessere Chancen, als die Partiefortsetzung.} (16... Rde8 $5 17. Bc5 Na4 $13)
17. Bxd8 Rxd8 18. Qe3 $16 {Schwarz hat nur einen Bauern für die Qualität und
seine Dame steht auf g6 weit vom Hauptkriegsschauplatz entfernt.} Rd3 19. Qe1
$6 (19. Qc5 $16 {[%cal Gc5f8,Gf8c8]}) 19... Na4 20. Rd1 {Weiß opfert den
c3-Bauern, um auf der d-Linie in die schwarze Stellung einzudringen.} (20. Rc1
$14) 20... Rxc3 21. Rd4 (21. Qd2 b5 (21... Rd3 22. Qb4 Rxd1 23. Rxd1 b5 24. Rd4
$16) 22. Qd4 Kb7 23. Rf2 $14) 21... b5 22. Qd2 Kb7 {[%mdl 256] Der schwarze
König befindet bisher in Sicherheit - es droht noch nichts Konkretes.} 23. Rd8
(23. Rb1 $5) 23... Bxe4 $13 24. f5 (24. Re1 Bxg2 25. Qxg2+ Kb6 $13 (25... c6 $2
26. Rd6 $18)) 24... exf5 25. Bxe4+ fxe4 26. Qd5+ Kb6 27. Rb8+ (27. Qxf7 Rxg3+
28. hxg3 (28. Kh1 Rg1+ $19) 28... Qxg3+ 29. Kh1 Qh3+ $11 (29... Qh4+ 30. Kg2
Qxd8 31. e6 Qg5+ $11)) 27... Ka5 28. Rb1 {[%cal Rb1b5] Es droht 29.R1xb5, oder
29.R8xb5.} Nb6 $4 {[%mdl 8192]} (28... Rxg3+ $1 29. hxg3 (29. Kh1 Nc3 $19)
29... Qxg3+ 30. Kh1 Nc3 (30... Qh3+ $11) 31. Qd2 Qxe5 $15 {Schwarz hat 7(!)
Bauern und den Springer gegen zwei Türme.} (31... Qd3 32. Rb2 (32. Qxd3 cxd3
$19) 32... e3 (32... Qxd2 33. Rxd2 e3 34. Rg2 e2 35. Rg1 Nxa2 36. Rf8 b4 37.
Rxf7 $14) 33. Qe1 Qe4+ 34. Kg1 Qxe5 35. a4 c6 36. axb5 cxb5 37. R2xb5+ axb5 38.
Qa1+ Kb4 39. Qb2+ Ka5 $11)) 29. Qc5 $18 {[%csl Ra5,Gb1,Gb8,Gc5][%cal Rc5b4,
Rb4a5] Es droht unmittelbar 30.Qb4# wogegen Schwarz keine ausreichende
Verteidigung besitzt.} Rxg3+ 30. Kh1 1-0

[Event "CRO-ch"]
[Site "Zagreb"]
[Date "2004.11.20"]
[Round "5"]
[White "Kozul, Zdenko"]
[Black "Jovanic, Ognjen"]
[Result "0-1"]
[WhiteElo "2640"]
[BlackElo "2475"]
[Annotator "Ribli,Z"]
[PlyCount "78"]
[EventDate "2004.11.16"]
[EventType "tourn"]
[EventRounds "11"]
[EventCountry "CRO"]
[EventCategory "10"]
[SourceTitle "CBM 105"]
[Source "ChessBase"]
[SourceDate "2005.04.11"]
[SourceVersion "1"]
[SourceVersionDate "2005.04.11"]
[SourceQuality "1"]

1. d4 Nf6 2. Nf3 e6 3. c4 d5 4. g3 dxc4 5. Bg2 a6 6. O-O Nc6 7. Na3 {Das ist
die beliebte Fortsetzung des kroatischen Großmeisters. Die Alternativen sind 7.
Nc3 und hauptsächlich 7.e3. Die Partiefortsetzung führt zu kompliziertem Spiel,
aber nach meiner Meinung bietet dieser Springerzug Weiß keinen großen
Eröffnungsvorteil.} Bxa3 8. bxa3 Rb8 {Schwarz vermeidet die Diagonale des
katalanischen Läufers und bereitet mit diesem Turmzug b7-b5 vor.} 9. Bb2 O-O (
9... b5 10. Qc2 Ne7 11. e4 Bb7 12. Ne5 O-O 13. Rad1 Nd7 14. f4 f5 15. d5 {
1-0 Kozul,Z-Petrosian,A/Belgrade 1988/MON E00 (39)}) 10. Qc2 b5 11. Rad1 Ne7 (
11... Bb7 12. Ng5 Ne7 13. d5 e5 14. Bxe5 $36 Ng6 15. Ba1 Qe7 16. Qc3 Rfd8 17.
e4 Ne8 18. h4 c6 19. Rfe1 h6 20. Nh3 f6 21. h5 Ne5 22. Nf4 {0-1 Kozul,
Z-Kveinys,A/Moscow 1994/CBM 44 ext (38)}) 12. e4 {[%csl Ra2,Ra3,Ga6,Gb2,Gb5,
Gc4,Gd4,Ge4,Gg2] Weiß besitzt eine starke Zentrumsstellung und das Läuferpaar,
jedoch einen Doppelbauern auf der a-Linie; Schwarz hat hingegen einen Bauern
mehr und einen gut verteidigten c4-Bauern.} Ng6 {Schwarz führt eine weitere
Verteidigungsfigur zum Königsflügel.} (12... Rb6 13. Nh4 Bb7 14. Rfe1 Qa8 15.
Qe2 $5 {/\ g4-g5->>>} Ng6 16. Nxg6 hxg6 17. g4 a5 $1 $132 {0-1 Kozul,
Z-Davidovic,A/Liechtenstein 1989/(37)}) 13. h4 (13. Bc3 Re8 14. Ne5 Bb7 15. f4
Qc8 16. Rfe1 Nd7 17. Bh3 Ndxe5 18. fxe5 Qd8 19. Qf2 c5 20. d5 Qc7 21. d6 Qc6
22. Bg2 Red8 23. h4 b4 {0-1 Roa Alonso,S-Korneev,O/Collado Villalba 2000/EXT
2001 (45)}) 13... Qe7 $5 $146 {[%mdl 4] Schwarz verbessert seine Damenstellung
(die Dame kommt ins Spiel und kontrolliert den a3-Bauern). Sollte Weiß den Nf3
wegziehen, so kann er e6-e5 spielen. Weiß verfügt über einige Aktivitäten für
den Minusbauern, aber ich glaube, dass ist keine ausreichende Kompensation.} (
13... Bb7 14. Rfe1 Qe7 $1 {[%csl Ge7][%cal Ge7a3]} (14... Re8 15. Rd2 h6 16.
Bc3 Nd7 17. a4 Nb6 18. a5 Na4 19. Bb4 c5 20. dxc5 Qc8 21. h5 Ne7 22. Red1 Nc6
23. a3 e5 {1/2-1/2 Gazarek,D-Sveshnikov,E/Ljubljana 1996/CBM 53 ext (45)}) 15.
Nh2 $6 (15. a4 $5 b4 16. h5 Nxh5 17. Qxc4 $44) 15... e5 $15 16. d5 Rfd8 (16...
c6 17. d6 Qe6 18. Nf3 $44) 17. Qe2 {[%cal Gh4h5]} h5 (17... c6 $5 18. h5 Nf8
$15) 18. Bc1 $5 {[%cal Gc1g5,Gg5d8]} Qc5 19. Bf3 (19. Bg5 $5 Rd6 20. Qb2 $132)
19... c6 20. d6 Rxd6 21. Bxh5 Nxh5 22. Qxh5 Rd3 $17 {0-1 Novikov,M-Kosteniuk,A/
St Petersburg 2003/CBM 95/[Ribli] (58)}) 14. Rfe1 (14. Nh2 e5 $15) (14. a4 $5)
14... Rd8 15. e5 (15. a4 $5) 15... Nd5 16. Ng5 $6 (16. h5 $5 Nf8 17. h6 $132 (
17. Bc1 h6 $17)) 16... Bb7 $15 {[%csl Rb2,Gd5][%cal Gb7g2] Schwarz hat einen
Bauern mehr, kontrolliert das wichtige Zentrumsfeld d5 und ist bestrebt, den
weißen Läufer auf g2 zu tauschen. Weiß hat scheinbar Initiative am
Königsflügel, aber sein schwarzfeldriger Laufer auf b2 steht passiv.} 17. Bc1 (
17. Nxh7 Nxh4 (17... Kxh7 18. h5 $132) 18. gxh4 (18. Nf6+ gxf6 19. gxh4 fxe5
20. Rxe5 (20. dxe5 Qxh4 $19) 20... Qxh4 21. Bc1 Nf4 $19) 18... Qxh4 {[%csl Rh7]
} 19. Be4 Nb6 $19 (19... Ne7 $19)) 17... Nf8 18. Ne4 {[%cal Gc1g5,Gg5d8,Ge4c5]}
f5 $6 {Dieser Zug scheint etwas riskant; einerseits möchte Schwarz seinen
Königsflügel befreien; andererseits schwächt er mit diesem Zug seinen
Königsflügel.} (18... h6 19. Nc5 Nd7 20. Nxb7 Rxb7 21. a4 N7b6 $17) 19. exf6 (
19. Bg5 Qxa3 20. Nc5 (20. Bxd8 fxe4 21. Bg5 Nb4 $19) 20... Nb4 $19) (19. Nc5 h6
$17) 19... Nxf6 20. Nxf6+ (20. Bg5 Qf7 $17) 20... gxf6 21. d5 $1 {[%csl Gc1,
Gg2][%cal Ge1e7] Endlich kann Weiß die Stellung öffnen.} Rd7 (21... Qf7 22.
dxe6 Nxe6 23. Bxb7 Rxb7 24. Rxd8+ Nxd8 25. Qe4 Rb8 26. Bb2 $44) 22. Bh6 $6 (22.
dxe6 $1 Rxd1 23. Qxd1 Bxg2 24. Kxg2 Rb6 25. Qg4+ Kh8 26. Bh6 $44) 22... Rbd8 {
[%cal Gd8d1]} 23. Rd4 $2 {[%cal Rd4g4,Rg4g8] Weiß bereitet 24.Rg4+ vor, aber
dieser Zug ist ziemlich optimistisch, da Schwarz seine Stellung sicher
verteidigen kann.} (23. dxe6 $1 Rxd1 24. Rxd1 Rxd1+ (24... Bxg2 25. Rxd8 Qxd8
26. Qe2 {[%cal Re6e7,Re2g4,Rg4g8]}) 25. Qxd1 Bxg2 26. Qg4+ Kh8 27. Bxf8 Qxf8
28. Kxg2 $11 {[%csl Ge6,Gg4]}) 23... Bxd5 $17 24. Rg4+ Kh8 25. Qc3 (25. Bg7+
Qxg7 26. Rxg7 Kxg7 $19 {Schwarz hat einen Turm, Springer und zwei Bauern gegen
die weiße Dame.}) 25... Bxg2 26. Bg5 (26. Bg7+ Qxg7 27. Rxg7 Kxg7 28. Kxg2 Rd2
$17) 26... e5 $1 {[%mdl 256] Mit diesem Zug schließt Schwarz die weiße Dame
vom Spielgeschehen aus und verteidigt alles.} 27. Rxe5 (27. Kxg2 Rd3 $19 (27...
fxg5 28. Rxe5 Qg7 29. Rexg5 Ng6 (29... Qxc3 $4 30. Rg8#) 30. Qxg7+ Rxg7 31. h5
Rd2 $19)) 27... Qg7 $19 (27... Qxe5 $4 28. Bxf6+ $18) 28. Re7 Bb7 {[%csl Gb7]
[%cal Rd7d1,Rd1g1,Gb7h1] Es droht jetzt 29...Rd1+ und im Falle von 30.Kh2 30...
Rh1#.} 29. f3 (29. Rxg7 Rd1+ $19) (29. Bxf6 Rd1+ 30. Re1 Rxe1+ 31. Qxe1 Qxf6
$19) 29... Rd1+ 30. Kf2 R8d2+ 31. Bxd2 Qxe7 {Schwarz hat eine Figur und einen
Bauern mehr; Weiß hingegen keine Hoffnungen, das Spiel für sich zu entscheiden.
} 32. Bg5 Nd7 (32... Rd6 $19) 33. Bh6 Rd3 (33... Qc5+ $19) 34. Qb4 Rxf3+ 35.
Kg1 Qxb4 36. axb4 Ne5 37. Rg7 Rd3 38. Re7 Rd1+ 39. Kf2 Nd3+ 0-1

[Event "FIDE-Wch k.o."]
[Site "New Delhi/Teheran"]
[Date "2000.12.03"]
[Round "3.1"]
[White "Bareev, Evgeny"]
[Black "Aleksandrov, Aleksej"]
[Result "1-0"]
[WhiteElo "2702"]
[BlackElo "2591"]
[Annotator "Ribli,Z"]
[PlyCount "62"]
[EventDate "2000.11.27"]
[EventType "k.o."]
[EventRounds "7"]
[EventCountry "IND"]
[SourceTitle "CBM 081"]
[Source "ChessBase"]
[SourceDate "2001.03.20"]
[SourceVersion "1"]
[SourceVersionDate "2001.03.20"]
[SourceQuality "1"]

1. d4 Nf6 2. c4 e6 3. g3 {GM Bareev spielt gerne die Katalanische Eröffnung.}
d5 4. Nf3 dxc4 5. Bg2 Nc6 6. Qa4 {Meiner persoenlichen Meinung nach ist dies
die beste Fortsetzung für Weiß. Die Alternative 6.0-0 Rb8 führt zu sehr
kompliziertem Spiel, in dem auch Schwarz seine Chancen bekommt. Mit dem
Textzug riskiert Weiß nicht so viel und erreicht einen kleinem positionellen
Vorteil.} Bb4+ 7. Bd2 Nd5 8. Bxb4 (8. Qb5) (8. O-O) 8... Ndxb4 9. O-O (9. Ne5
O-O 10. Nxc6 Nxc6 11. e3 (11. Bxc6) 11... e5 12. d5 Ne7 13. Qxc4 Nf5 14. O-O
Nd6 15. Qc3 Re8 16. Nd2 Bf5 $11) 9... Rb8 10. Na3 $5 {Dieser Springerzug wurde
zuerst von GM Wojtkiewicz gespielt (in der Partie Wojzkiewicz,A - Se. Ivanov
Lubniewice 1995).} (10. Nc3 a6 11. Ne5 O-O 12. Nxc6 Nxc6 13. Bxc6 bxc6 14. Qxc6
Rb3 $11) 10... O-O (10... Bd7 11. Qb5 O-O 12. Qxc4 Qe7 13. e4 a6 14. Qc3 Rfc8
15. Rfd1 b5 16. d5 exd5 17. exd5 Nxd5 18. Rxd5 b4 19. Qd3 Be6 20. Ng5 g6 21.
Nxe6 bxa3 22. Qxa3 Qxe6 23. Qxa6 Rxb2 24. Rf1 Rb6 25. Qc4 Ne5 26. Qd4 Re8 27.
a4 Ra6 28. h3 h5 {1/2-1/2 Tkachiev,V-Godena,M/Cannes 1999/EXT 2000 (45)}) (
10... a6 $5) 11. Qb5 b6 12. Qxc4 a5 $146 {Mit dem Textzug sichert Schwarz den
Springerposten auf b4. Anschließend möchte er Ba6 ziehen.} (12... Ba6 13. Nb5 {
Die Fesslung der weißen Dame sieht auf den ersten Blick gefährlich aus, aber
Schwarz hat nichts Konkretes. Tatsächlich behält Weiß hier einen kleinen, aber
dauerhaften Positionsvorteil.} Qd5 14. Qxd5 Nxd5 (14... exd5 15. Nc3 Ne7 16.
Rfd1 (16. a3 $5 Nbc6 17. Rfd1 $16) 16... c5 17. Rac1 $14 {Wojtkiewicz,A-Ivanov,
S/Lubniewice 1995/Inf 66 (17)}) 15. a4 Na5 16. Ne5 Rbd8 17. Rac1 Nb3 18. Rcd1
Nb4 19. e3 $14 {0-1 Wojtkiewicz,A-Yuneev,A/Yerevan 1996/CBM 52 ext (31)}) 13.
Qc3 Ba6 14. Nc4 Nd5 (14... Ne7 $5) 15. Qc1 $14 {[%mdl 4] Weiß hat ein paar
Tempi mit der Dame verloren, aber dank seines Pd4 besitzt er Raumvorteil im
Zentrum.} f5 $6 {[%csl Ye5] Schwarz verteidigt sich mit diesem Zug zwar gegen
e2-e4, aber nun wird das Feld e5 zu einer ewigen positionellen Schwäche.} (
15... Qf6 16. Rd1 $14) 16. e3 {Weiß verfolgt eine einfache Strategie - er
verstärkt seine Bauernstellung und möchte nach Vorbereitung (z.B. durch Rd1)
Nfe5 spielen.} (16. Nce5 Nxe5 17. Nxe5 Qd6 18. Re1 (18. Nc6 Rbe8 $11) 18... c5
$11) (16. Nfe5 $6 Nxd4 17. Re1 {Weiß verteidigt den Pe2 und droht 18.e3.} f4
18. e3 f3 (18... Nxe3 $5 19. fxe3 f3) 19. Bf1 Ne2+ 20. Bxe2 fxe2 21. Rxe2 $13 (
21. Nc6 Qf6 22. Rxe2 Rbe8)) 16... Rc8 {Schwarz bereitet c7-c5 vor, aber zuerst
muss der Nc6 weg ziehen.} 17. Rd1 Qe7 18. a3 $1 {[%mdl 32] Weiß spielt (noch)
nicht 18.Nfe5, wonach Schwarz nach Abtausch schnell c7-c5 ziehen kann, sondern
bereitet den Plan Qc2-Rac1 vor.} (18. Nfe5 Nxe5 19. Nxe5 c5) 18... Na7 19. Nfe5
{[%csl Ge5]} c5 {[%cal Gc8c1]} 20. Qd2 {Natürlich möchte Weiß
Unannehmlichkeiten auf der c-Linie vermeiden.} cxd4 21. Qxd4 Nb5 (21... Bxc4
22. Nxc4 Nb5 23. Qe5 $16) (21... Rxc4 22. Nxc4 Nc6 23. Qd2 Bxc4 24. Rdc1 b5 (
24... Ne5 25. Qd4 $16 (25. f4 $6 Rd8 26. fxe5 (26. Qd4 Ng4) 26... Nf4) 25...
Qf6 26. f4 Ng4 27. Qxf6 gxf6 28. Rxc4 Ndxe3 29. Rc6 $16) 25. b3 Ne5 26. bxc4
Nxc4 27. Qe2 $18) 22. Qd3 {Die Dame auf d3 steht scheinbar schlecht, doch
Schwarz kann von der Platzierung der Dame nicht profitieren.} Kh8 $6 {Ein
prophylaktischer Zug. Schwarz geht den Schachmotiven auf der Diagonale a2-g8
aus dem Weg. Wichtiger jedoch wäre es, den Turm ins Spiel zu bringen.} (22...
Nd6 23. Bxd5 exd5 24. Qxd5+ Nf7 $16) (22... Rfd8 $5 {[%cal Gd8d1]} 23. e4 $5
Nd6 (23... Nf4 24. Nc6 $1 $18) (23... fxe4 24. Bxe4 $14) 24. exd5 Bxc4 25. Nxc4
Nxc4 26. Qe2 e5 27. Rac1 Nd6 28. Rc6 $14) 23. Qb3 $1 $16 {Ein ausgezeichneter
Zug - Weiß entschärft die taktischen Motive von Schwarz und droht 24.a4,
wonach der Pb6 hängt.} (23. Bxd5 $2 exd5 24. Qxd5 Rc5 25. Qd2 Rxe5 26. Nxe5
Qxe5 27. Rac1 Bb7 $17) 23... Rc5 {Dieser nur scheinbar aktive Zug verliert
Material, doch guter Rat war hier schon teuer.} (23... Rfd8 24. a4 Nd6 25. Nxb6
$16) (23... Qc7 24. Bxd5 exd5 25. Rxd5 $18) 24. a4 $1 {Nach diesem Zug wird
offenbar, dass Schwarz Probleme bei der Koordinierung seiner Figuren hat.} Qc7
(24... Nbc7 25. Nxb6 Nxb6 26. Qxb6 Rxe5 27. Rac1) (24... Nd6 25. Nxb6 Nxb6 26.
Qxb6 $18) 25. axb5 Rxb5 26. Qa3 $18 {Schwarz hat nur einen Bauern für die
Figur - seine Stellung ist verloren.} Rb4 27. Rac1 (27. b3 $18) 27... Rc8 28.
b3 {Der Nc4 ist verteidigt und droht z.B. 29.Nd6.} Bxc4 29. Nxc4 (29. bxc4 Qxe5
30. cxd5 $18) 29... Qb8 30. Bxd5 exd5 31. Nd6 (31. Rxd5 $18) 31... Rc5 (31...
Rc5 32. Rxc5 bxc5 33. Rxd5 $18) 1-0

[Event "Schacknytt GM"]
[Site "Upplands Vasby"]
[Date "2000.12.08"]
[Round "4"]
[White "Akesson, Ralf"]
[Black "Sokolov, Andrei"]
[Result "1-0"]
[WhiteElo "2486"]
[BlackElo "2509"]
[Annotator "Ribli,Z"]
[PlyCount "91"]
[EventDate "2000.12.05"]
[EventType "tourn"]
[EventRounds "7"]
[EventCountry "SWE"]
[EventCategory "11"]
[SourceTitle "CBM 081"]
[Source "ChessBase"]
[SourceDate "2001.03.20"]
[SourceVersion "1"]
[SourceVersionDate "2001.03.20"]
[SourceQuality "1"]

1. d4 e6 2. c4 (2. e4 {Das wäre eine untypische Zugfolge, aber so ließe sich
die Französische Verteidigung erreichen.}) 2... d5 3. Nf3 Nf6 4. g3 dxc4 5. Bg2
Nc6 {Diese Fortsetzung wird heutzutage gerne gespielt.} 6. Qa4 {Das ist die
kritische Variante aus Sicht von Schwarz. Weiß möchte den Pc4 so schnell es
geht zurück erobern.} (6. O-O Rb8 $13) 6... Bb4+ (6... Nd7 7. Qxc4 Nb6 8. Qd3
e5) 7. Bd2 Nd5 (7... Bd6) 8. O-O {Das ist eine unübliche Fortsetzung -
gewöhnlich spielt man 8.Bxb4 mit etwas Hoffnung auf Eröffnungsvorteil.} (8.
Bxb4 Ndxb4 9. O-O (9. a3 b5 {Diese Variante führt zu großen Komplikationen mit
beiderseitigen Chancen.}) 9... Rb8 10. Nc3 a6 11. Ne5 O-O 12. Bxc6 bxc6 13.
Nxc6 Nxc6 14. Qxc6 Rxb2 $11) (8. Qb5 O-O (8... Bxd2+ 9. Nbxd2 c3 10. bxc3 Nxc3
11. Qb3 Nd5 12. O-O $44) 9. Qxc4 Nb6 $11) 8... Nb6 (8... Bxd2 $5 9. Nbxd2 Nb6
10. Qa3 Nxd4 11. Nxd4 Qxd4 12. Rfd1 Qd6 13. Qc3 O-O 14. Nxc4 Qc5 15. Rac1 Qxc4
16. Qxc4 Nxc4 17. Rxc4 c6 18. f4 e5 19. fxe5 Be6 {1/2-1/2 Huebner,R-Luther,T/
Germany 1993/GER-chT (30)}) 9. Qc2 Bd6 (9... Bxd2 10. Qxd2 O-O 11. Re1 Qe7 {
1/2-1/2 Golubovic,B-Palac,M/Bled 2000/EXT 2001 (11)}) 10. Na3 Bxa3 (10... O-O
$6 11. Nxc4 Nxc4 12. Qxc4 $14 {Weiß hat Raumvorteil im Zentrum und sein Bg2
ist wertvoller als sein Gegenüber auf c8.}) 11. bxa3 O-O (11... Nxd4 $5 12.
Nxd4 Qxd4 13. Bc3 Qg4 14. h3 Qg5 15. h4 Qh6 (15... Qg6 16. Qxg6 hxg6 17. Bxg7
$19) 16. Bb4 $44 {Dank des Läuferpaares hat Weiß etwas Kompensation für das
Material. Der schwarze König steht unsicher in der Mitte.}) 12. Bc3 $13 {
Weiß hat einen Bauern weniger und einen Doppelbauern auf der a-Linie, dafür
besitzt er das Läuferpaar. In der Folge eröffnen sich ihm durch e2-e4
Perspektiven auf aktives Spiel im Zentrum.} Qd6 (12... Qe7 $5) 13. Bb2 Bd7 14.
e4 {[%csl Gd4,Ge4] Weiß hat keine konkreten Drohungen, aber sein Bauernzentrum
ist wirklich stark.} Rad8 15. Rad1 f6 $6 {Dieser Zug gefällt mir nicht, denn
Schwarz schwächt aus freien Stücken seine Königsstellung.} (15... Ne7 $2 {
[%cal Rd7a4,Ra4d1]} 16. e5 Ba4 (16... Qd5 17. Ng5 $18) 17. exd6 $18) (15... Qe7
$5) 16. e5 Qe7 (16... fxe5 17. Ng5 Rf5 18. dxe5 Qe7 19. f4 $44) 17. exf6 gxf6
18. Nd2 Nb8 {[%cal Rd7a4,Ra4d1] Droht 19...Ba4 mit Qualitätsgewinn und zudem
19...Bc6 mit anschließendem Abtausch der weißfeldrigen Läufer.} (18... Na5 $5)
19. Rc1 Bc6 {Es ist immer nützlich für Schwarz, den "katalanischen" Läufer von
Weiß abzutauschen.} (19... Ba4 20. Qe4 Bc6 21. Qg4+ Kh8 $13) 20. Rfe1 {[%cal
Ge1e7] Jetzt droht schon 21.Nxc4, denn das Motiv 21...Bb5 existiert nicht mehr.
Zudem steht der Turm immer gut auf e1.} (20. Nxc4 Bb5 $17) (20. Bxc6 Nxc6 21.
Nxc4 Nxd4 22. Bxd4 Rxd4 23. Nxb6 cxb6 $17) 20... Bxg2 21. Kxg2 Nc6 (21... Qd7
22. Nxc4 Qd5+ 23. Kg1 Nc6 24. Nxb6 axb6 $11 {Schwarz hat die bessere
Bauernstruktur, aber es gibt Schwächen in seiner Stellung, z.B. den Pe6 und
seine etwas offene Königsstellung.}) 22. Nxc4 Qd7 (22... Nd5 $11 {[%csl Gd5]})
(22... Nxd4 23. Qe4) 23. Kg1 Rfe8 $2 {Der schwarze Turm verteidigt zwar seinen
Pe6, lässt aber den Pf6 ungedeckt zurück.} (23... Qd5 $11) 24. Nxb6 axb6 25. d5
$1 {[%mdl 64] Mit diesem Zug entledigt sich Weiß seines schwachen d-Bauern und
öffnet die Diagonale für den Bb2.} exd5 26. Bxf6 $14 {[%csl Gf6,Rg8]} Rxe1+ 27.
Rxe1 Rf8 (27... Re8 28. Rd1 $14 (28. Rxe8+ Qxe8 29. Qd2 Kf7 $11 (29... Qe4 30.
Qg5+ Kf7 $11))) 28. Bb2 Re8 29. Rd1 Qe6 $2 {[%mdl 8192]} (29... Ne5 $5 $11) 30.
Qd2 $16 {[%csl Rd5] Dieser Zug gewinnt einen Schlüsselbauern.} d4 (30... Rd8
31. Qg5+ Qg6 32. Rxd5 $16) 31. Bxd4 Rd8 (31... Nxd4 32. Qxd4 $16) 32. Qg5+ (32.
Qf4 $16) 32... Qg6 33. Qe3 Qg4 (33... Qd6 34. Qb3+ Qd5 35. Be5 $1 Qxb3 36.
Rxd8+ Nxd8 37. axb3 $16) 34. Qb3+ Kf8 35. f3 Qg8 36. Be3 Rxd1+ (36... Qxb3 37.
Rxd8+ Nxd8 38. axb3 $18) 37. Qxd1 Qxa2 38. Qd7 {[%csl Gd7] Droht Matt in zwei
Zügen - 39.Bh6+ nebst 40.Qg7#.} Qa1+ 39. Kg2 Qb2+ 40. Kh3 {Der weiße König
steht in Sicherheit auf h3.} Qe5 41. Bf4 $18 Qe7 (41... Qh5+ 42. Kg2 $18) 42.
Qxc7 Qxc7 43. Bxc7 {Weiß hat nur einen Bauern mehr, aber die schwarzen
Doppelbauern zählen nicht voll. Weiß steht daher auf Gewinn.} b5 44. Bd6+ {
Der Läufer auf d6 unterbindet jedes mögliche schwarze Gegenspiel am
Damenflügel.} Kf7 45. Kg4 Nd4 46. Kf4 1-0